000 00502 a2200157 4500
999 _c10295
_d10295
020 _a9781782540304
050 _aKF4750 RES 2013
100 _aKolb Robert
_eeditor
245 _aResearch handbook on human rights and humanitarian law :
_cRobert Kolb and Gloria Gaggioli
264 _aUnited States of America :
_bEdward Elgar,
_c2013
300 _a684 pages
500 _aIncludes index
650 _aResearch and Human rights
700 _aGloria Gaggioli
_eeditor
942 _2lcc
_cBK
_h4750
_iRES
_kKF